| 000 | 00714nam a2200205 i 4500 | ||
|---|---|---|---|
| 001 | 87112 | ||
| 003 | ES-MaACL | ||
| 005 | 20251204063026.0 | ||
| 007 | t| | ||
| 008 | 041220s1912 ddr ||||1| ger d | ||
| 100 | 1 |
_aKoch, Robert, _d1843-1910 _968407 |
|
| 245 | 1 | 0 |
_aGesammelte werke / _cvon Robert Koch ; unter mitwirkung von G. Gaffy und E. Pfuhl ; herausgegeben von J. Schwalbe. |
| 260 |
_aLeipzig : _bThieme, _c1912 ( _fRichard Hahn) |
||
| 300 |
_a3 v., 93 lám. ; _c30 cm. |
||
| 700 | 1 |
_aGaffky, Georg Theodor August, _d1850-1918 _953213 |
|
| 700 | 1 |
_aPfuhl, Eduard, _d1852- _991644 |
|
| 700 | 1 |
_aSchwalbe, Julius ( _d1863-1930) _9104852 |
|
| 852 |
_aES-MaACL _jG-1663-65 |
||
| 999 |
_c87112 _d87112 |
||